Word Answers that End in "-eer" - Statistics

General Stats
  • This quiz has been taken 186 times
    61 since last reset
  • The average score is 8 of 14
Answer Stats
Hint Word % Correct
One who performs with movable figurines controlled from above by strings puppeteer
100%
An agent who sells goods to the highest bidder auctioneer
84%
One who chooses to undertake an optional service volunteer
82%
One who climbs great heights for sport mountaineer
78%
A person who applies science and mathematics to make matter and energy useful engineer
68%
One of the first to settle in an area, or originate a new line of thought or activity pioneer
66%
An unscrupulous adventurer especially in politics or business; a pirate buccaneer
48%
An armed ship (or sailor onboard) licensed to attack enemy shipping privateer
46%
A singer of slow romantic or sentimental songs balladeer
44%
One who rises against or refuses to obey or observe authority (especially military) mutineer
40%
A person who engages in an illegal business or other organized illegal activities. racketeer
40%
One who unreasonably makes money on essential goods during emergencies profiteer
38%
Soldier armed with a heavy large-caliber muzzle-loading shoulder firearm musketeer
26%
One who fires, pilots, or rides in a missile or projectile rocketeer
22%
No matching quizzes found
Score Distribution
Percent of People with Each Score
Percentile by Number Answered
Your Score History
You have not taken this quiz since the last reset